[Event "Warsaw YMCA Autumn-C 222nd"]
[Site "Warsaw"]
[Date "2019.12.04"]
[Round "12"]
[White "Mlynarski, Zbigniew"]
[Black "Budny, Piotr"]
[Result "1/2-1/2"]
[WhiteElo "1571"]
[BlackElo "1381"]
[PlyCount "94"]
[EventDate "2019.09.19"]
[EventType "tourn"]
[EventRounds "13"]
[EventCountry "POL"]
[SourceTitle "CBM 195 Extra"]
[Source "ChessBase"]
[SourceDate "2020.05.31"]
[SourceVersion "1"]
[SourceVersionDate "2020.05.31"]
[SourceQuality "1"]

1. d4 Nf6 2. Nf3 g6 3. c4 Bg7 4. Nc3 d6 5. g3 0-0 6. Bg2 Nbd7 7. 0-0 c5 8. d5 a6 9. a4 Ng4 10. Bf4 Nge5 11. Nxe5 Nxe5 12. Qb3 h6 13. Bd2 f5 14. f4 Ng4 15. e3 Rb8 16. h3 Nf6 17. Rfe1 Nh5 18. Kh2 e5 19. Ne2 e4 20. Bc3 Bd7 21. Bxg7 Nxg7 22. Nc3 b6 23. Bf1 Kh7 24. Qa3 g5 25. b4 gxf4 26. exf4 Qf6 27. bxc5 bxc5 28. Rab1 Qd4 29. Rb2 Rb4 30. Rd1 Qe3 31. Rdb1 a5 32. Re2 Qd4 33. Rd1 Qxc4 34. Rxe4 Qb3 35. Qxb3 Rxb3 36. Re7 Rd8 37. Nb5 Kg6 38. Nxd6 Bxa4 39. Nc4 Rc3 40. Rb1 Bb3 41. Nxa5 Bxd5 42. Rb6+ Kh7 43. g4 fxg4 44. hxg4 Ra8 45. Rb5 Rf3 46. Rxc5 Rxf1 47. Rxd5 Rxf4 1/2-1/2

[Event "Warsaw YMCA Autumn-C 222nd"]
[Site "Warsaw"]
[Date "2019.11.13"]
[Round "9"]
[White "Budny, Piotr"]
[Black "Bartczak, Hanna"]
[Result "0-1"]
[WhiteElo "1381"]
[BlackElo "1487"]
[PlyCount "74"]
[EventDate "2019.09.19"]
[EventType "tourn"]
[EventRounds "13"]
[EventCountry "POL"]
[SourceTitle "CBM 195 Extra"]
[Source "ChessBase"]
[SourceDate "2020.05.31"]
[SourceVersion "1"]
[SourceVersionDate "2020.05.31"]
[SourceQuality "1"]

1. Nf3 f5 2. c4 Nf6 3. Nc3 e6 4. g3 Be7 5. Bg2 0-0 6. d3 d5 7. b3 c6 8. 0-0 Nbd7 9. d4 Ne4 10. Bb2 Ndf6 11. Ne5 Bd7 12. f3 Nxc3 13. Bxc3 Be8 14. Qc2 Nd7 15. Nd3 Bg6 16. Nf4 Bf7 17. e4 fxe4 18. fxe4 Nf6 19. e5 Nh5 20. Bh3 Nxf4 21. Rxf4 Bg5 22. Rf3 Qe7 23. Raf1 Bg6 24. Rxf8+ Rxf8 25. Bxe6+ Qxe6 26. Rxf8+ Kxf8 27. Qf2+ Qf5 28. Qxf5+ Bxf5 29. cxd5 cxd5 30. Kf2 Kf7 31. Bb2 b5 32. b4 Be7 33. Bc3 Kg6 34. h4 Kh5 35. a3 Kg4 36. Bb2 g5 37. hxg5 Bxg5 0-1